Management of human resources (Record no. 351667)

000 -LEADER
fixed length control field 00411cam a22001457a 4500
008 - FIXED-LENGTH DATA ELEMENTS--GENERAL INFORMATION
fixed length control field 180718b1981 xxu||||| |||| 00| 0 eng d
082 ## - DEWEY DECIMAL CLASSIFICATION NUMBER
Classification number K P886
100 ## - MAIN ENTRY--PERSONAL NAME
Personal name Prasad, Lallan
245 ## - TITLE STATEMENT
Title Management of human resources
Statement of responsibility, etc. by Lallan Prasad and A.M. Banerjee
260 ## - PUBLICATION, DISTRIBUTION, ETC.
Place of publication, distribution, etc. New Delhi
Name of publisher, distributor, etc. Sterling
Date of publication, distribution, etc. 1981
300 ## - PHYSICAL DESCRIPTION
Extent 197p.
650 ## - SUBJECT ADDED ENTRY--TOPICAL TERM
Topical term or geographic name entry element Manpower planning
650 ## - SUBJECT ADDED ENTRY--TOPICAL TERM
Topical term or geographic name entry element Personnel management
700 ## - ADDED ENTRY--PERSONAL NAME
Personal name Banerjee, A.M.
Holdings
Withdrawn status Lost status Damaged status Not for loan Permanent Location Current Location Date acquired Full call number Barcode Date last seen Price effective from Koha item type
        Indian Institute of Public Administration Indian Institute of Public Administration 1993-11-16 K P886 57906 2018-07-21 2018-07-21 Book

Powered by Koha